Cities of Wisconsin Quiz Stats

 Plays Quiz not verified by Sporcle

Challenge
Share
Tweet
Embed
Score 0/30 Timer 07:00
0 Plays Today
Population City % Correct
605,013Milwaukee
99.3%
235,419Madison
99.3%
101,412Green Bay
94.8%
66,278Eau Claire
85.6%
98,187Kenosha
83.7%
82,009Racine
83.7%
70,893Appleton
79.1%
64,306Oshkosh
77.1%
51,231La Crosse
73.9%
47,782Sheboygan
66.7%
68,376Waukesha
66%
63,325Janesville
65.4%
36,560Beloit
60.8%
38,430Wausau
58.2%
26,775Superior
56.9%
Population City % Correct
42,340Fond du Lac
55.6%
60,529West Allis
54.9%
45,377Wauwatosa
51.6%
39,200Brookfield
46.4%
39,281New Berlin
36.6%
36,459Greenfield
34%
32,764Manitowoc
32.7%
25,530Neenah
30.7%
30,162West Bend
28.1%
29,105Sun Prairie
28.1%
33,959Oak Creek
25.5%
36,987Franklin
24.8%
34,623Menomonee Falls
20.3%
25,909Caledonia
6.5%
26,601Mount Pleasant
5.9%

You're not logged in!

Compare scores with friends on all Sporcle quizzes.
OR
Log In

You Might Also Like...

Show Comments

Extras

Top Quizzes Today


Score Distribution

Your Account Isn't Verified!

In order to create a playlist on Sporcle, you need to verify the email address you used during registration. Go to your Sporcle Settings to finish the process.

Report this User

Report this user for behavior that violates our Community Guidelines.

Details: